Music Quiz

Random Music Quiz

1-Word Michael Jackson Songs Quiz Stats

 Plays Quiz not verified by Sporcle

Challenge
Share
Tweet
Embed
Score 0/31 Timer 06:00
0 Plays Today
Year Song % Correct
1987Bad
93.4%
1982Thriller
87.5%
1972Ben
84.9%
1991Dangerous
74.3%
1991Jam
74.3%
2001Invincible
73%
1995Scream
69.7%
2014Xscape
69.1%
2001Unbreakable
65.8%
2001Cry
63.8%
1995History
61.8%
1997Ghosts
60.5%
2001Butterflies
57.9%
2001Speechless
57.9%
1995Childhood
57.2%
2001Heartbreaker
57.2%
Year Song % Correct
2001Privacy
54.6%
1997Morphine
54.6%
1979Girlfriend
53.9%
1995Smile
53.9%
2001Threatened
53.9%
1995Money
50.7%
2014Chicago
48.2%
2010Monster
40.8%
1972Happy
34.2%
2001Streetwalker
27.6%
1972Euphoria
27%
2012Free
23.7%
2001Carousel
21.1%
2004Cheater
19.7%
1973Melodie
9.9%

You're not logged in!

Compare scores with friends on all Sporcle quizzes.
OR
Log In

You Might Also Like...

Show Comments

Extras

Top Quizzes Today


Score Distribution

Your Account Isn't Verified!

In order to create a playlist on Sporcle, you need to verify the email address you used during registration. Go to your Sporcle Settings to finish the process.

Report this User

Report this user for behavior that violates our Community Guidelines.

Details: